Posledná zbraň obrany ZSSR - 15E601 Perimetr

V prvej polovici 90. rokov minulého storočia sa objavili v západnej tlači prvé zmienky o takmer neznámom prvku raketovej obrany ZSSR, ktorý dostal viacero pomenovaní. Označoval sa niekedy za absolútnu zbraň, ale častejšie ako zbraň dňa posledného súdu. Oficiálne o tomto obrannom komplexe s oficiálny...

Descripción completa

Guardado en:
Detalles Bibliográficos
Autor principal: Škvrnda, František
Formato: Capítulo de libro
Lenguaje:eslovaco
Materias:
Etiquetas: Agregar Etiqueta
Sin Etiquetas, Sea el primero en etiquetar este registro!

MARC

LEADER 00000nla a2200000 4500
001 0176352
005 20240502073015.5
041 0 |a slo 
044 |a SK 
245 1 0 |a Posledná zbraň obrany ZSSR - 15E601 Perimetr  |c František Škvrnda 
520 |a V prvej polovici 90. rokov minulého storočia sa objavili v západnej tlači prvé zmienky o takmer neznámom prvku raketovej obrany ZSSR, ktorý dostal viacero pomenovaní. Označoval sa niekedy za absolútnu zbraň, ale častejšie ako zbraň dňa posledného súdu. Oficiálne o tomto obrannom komplexe s oficiálnym kódovým označením 15E601 Perimetr nebolo nič zverejnené. 
610 2 0 |a zbrane 
610 2 0 |a zbrojenie 
610 2 0 |a obrana štátu 
610 2 0 |a bezpečnosť 
610 2 0 |a politika medzinárodná 
610 2 0 |a Rusko 
610 2 0 |a ZSSR 
610 2 0 |a USA 
100 1 |a Škvrnda, František